| 000 | 00678nam a2200193 a 4500 | ||
|---|---|---|---|
| 005 | 20240215063820.0 | ||
| 008 | 991125s1970 mx 000 0 spa u | ||
| 035 | _aUPN01000008979 | ||
| 049 | _aAV | ||
| 099 | _aPVI H 0014 | ||
| 245 | 0 | 1 | _a¿Cómo definir metas y objetivos? |
| 260 |
_aMéxico : _bPelículas Mel, _c[197?]. |
||
| 300 |
_a1 videocasete (VHS) (18 min.) : _bson., col. |
||
| 500 | _aNúmero que le corresponde en el catálogo de películas Mel: 1823 | ||
| 520 | _aEste programa ilustra el proceso de la definición de metas y objetivos, ayudando a los espectadores | ||
| 650 | 4 |
_aAdministración _928 |
|
| 650 | 2 |
_aPlanificación _91097 |
|
| 905 | _aAudiovisuales | ||
| 999 |
_c8979 _d8979 |
||